| 000 | 00478 a2200193 4500 | ||
|---|---|---|---|
| 999 |
_c534370 _d534370 |
||
| 003 | NUST | ||
| 005 | 20200218105638.0 | ||
| 008 | 200218b ||||| |||| 00| 0 eng d | ||
| 020 | _a9695190529 | ||
| 038 | _aMSOHAIL | ||
| 082 | _a291.37 | ||
| 100 |
_aGuenon,Rene. _928508 |
||
| 245 |
_aSymbolism of the Cross. _cRene Guenon. |
||
| 250 | _a1st | ||
| 260 |
_aLahore. _bSuhail Academy. _c2004. |
||
| 300 | _a134p. | ||
| 500 | _aHardcover. | ||
| 942 |
_aNBS _cBK _k291.37 GUE _2ddc |
||